| 000 | 00596nam a2200181 4500 | ||
|---|---|---|---|
| 003 | NUST | ||
| 038 | _a00 | ||
| 082 | _aPhD-IT ZAH | ||
| 100 |
_aZahid Rashid _920874 |
||
| 245 | _aA Translation Layer for Automatic Conversion of High-Level Access Control Policies to SQL Procedures | ||
| 260 |
_aIslamabad _bNust School of Electrical Engineering and Computer Science _c2013 |
||
| 300 |
_a62P _eCD-ROM |
||
| 500 | _aSupervisor; Dr. Zahid Anwar | ||
| 600 | _2Ms Thesis. | ||
| 700 |
_aZahid Rashid _920874 |
||
| 856 | _uhttp://10.250.8.41:8080/xmlui/handle/123456789/9796 | ||
| 942 |
_cPR _2ddc |
||
| 999 |
_c12234 _d12234 |
||